[Event "USA-ch15 prel 05 corr"]
[Site "USA"]
[Date "2000.06.20"]
[Round "?"]
[White "Lehner, David"]
[Black "Addis, Edward L II"]
[Result "0-1"]
[WhiteElo "2244"]
[BlackElo "2031"]
[PlyCount "24"]
[EventDate "2000.06.20"]
[EventType "tourn (corr)"]
[EventRounds "12"]
[EventCountry "USA"]
[SourceTitle "Corr 2006"]
[Source "ChessBase"]
[SourceDate "2006.04.01"]
[SourceVersion "3"]
[SourceVersionDate "2006.04.01"]
[SourceQuality "1"]

1. f4 e5 2. e4 d5 3. exd5 e4 4. c4 c6 5. Nc3 Nf6 6. Qa4 Bc5 7. b4 Bxg1 8. Rxg1 0-0 9. dxc6 Nxc6 10. Ne2 Bg4 11. Bb2 Qb6 12. Rh1 Nxb4 0-1

[Event "USA-ch15 prel 05 corr"]
[Site "USA"]
[Date "2000.06.20"]
[Round "?"]
[White "Lehner, David"]
[Black "Biedermann, Thomas"]
[Result "0-1"]
[WhiteElo "2244"]
[BlackElo "2214"]
[PlyCount "38"]
[EventDate "2000.06.20"]
[EventType "tourn (corr)"]
[EventRounds "12"]
[EventCountry "USA"]
[SourceTitle "Corr 2006"]
[Source "ChessBase"]
[SourceDate "2006.04.01"]
[SourceVersion "3"]
[SourceVersionDate "2006.04.01"]
[SourceQuality "1"]

1. f4 d5 2. b3 Nf6 3. Bb2 g6 4. Nf3 Bg7 5. e3 0-0 6. Be2 b6 7. 0-0 c5 8. d4 Ne4 9. Nbd2 Nd6 10. Qc1 Nf5 11. dxc5 Nxe3 12. Bxg7 Kxg7 13. Qb2+ f6 14. c3 Nxf1 15. Rxf1 Qc7 16. Nd4 e5 17. Nb5 Qe7 18. b4 exf4 19. Bd1 a6 0-1

[Event "USA-ch15 prel 05 corr"]
[Site "USA"]
[Date "2000.06.20"]
[Round "?"]
[White "Lehner, David"]
[Black "Johnson, Gardner R"]
[Result "0-1"]
[WhiteElo "2244"]
[BlackElo "2217"]
[PlyCount "24"]
[EventDate "2000.06.20"]
[EventType "tourn (corr)"]
[EventRounds "12"]
[EventCountry "USA"]
[SourceTitle "Corr 2006"]
[Source "ChessBase"]
[SourceDate "2006.04.01"]
[SourceVersion "3"]
[SourceVersionDate "2006.04.01"]
[SourceQuality "1"]

1. f4 d5 2. b3 Bg4 3. h3 Bh5 4. g3 e5 5. fxe5 Qg5 6. Kf2 Nf6 7. exf6 Qxf6+ 8. Nf3 Qxa1 9. Nc3 c6 10. Bg2 Na6 11. e3 Bb4 12. Ne2 Qxa2 0-1